La idea de Cristo en los Evangelios / (Record no. 138657)

MARC details
000 -LEADER
campo de control de longitud fija 00611nam a2200205 4500
001 - NÚMERO DE CONTROL
campo de control 138657
003 - IDENTIFICADOR DE NÚMERO DE CONTROL
campo de control ES-MaACL
005 - FECHA Y HORA DE LA ÚLTIMA TRANSACCIÓN
campo de control 20230906195616.0
007 - CAMPO FIJO DE DESCRIPCIÓN FÍSICA--INFORMACIÓN GENERAL
campo de control de longitud fija t|
008 - DATOS DE LONGITUD FIJA--INFORMACIÓN GENERAL
campo de control de longitud fija 070214s1947 ag r ||||1| spa d
100 1# - ENTRADA PRINCIPAL--NOMBRE DE PERSONA
Nombre de persona Santayana, George.
9 (RLIN) 103357
245 13 - MENCIÓN DEL TÍTULO
Título La idea de Cristo en los Evangelios /
Mención de responsabilidad, etc. George Santayana ; traducción de Demetrio Náñez.
260 ## - PUBLICACIÓN, DISTRIBUCIÓN, ETC.
Lugar de publicación, distribución, etc. Buenos Aires :
Nombre del editor, distribuidor, etc. Ed. Sudamericana,
Fecha de publicación, distribución, etc. 1947.
300 ## - DESCRIPCIÓN FÍSICA
Extensión 335 p. ;
Dimensiones 21 cm.
490 1# - MENCIÓN DE SERIE
Mención de serie Filosofía
700 1# - ENTRADA AGREGADA--NOMBRE PERSONAL
Nombre de persona Náñez, Demetrio.
9 (RLIN) 84908
830 0# - PUNTO DE ACCESO ADICIONAL DE SERIE-TÍTULO UNIFORME
Título uniforme Filosofía
9 (RLIN) 177836
852 ## - LOCALIZACIÓN
Ubicación ES-MaACL
Número de control de estantería F-5255
Sublocalización o colección R.26593
Holdings
Estatus retirado Estado de pérdida Estado de daño No para préstamo Biblioteca de origen Biblioteca actual Ubicación en estantería Fecha de adquisición Fuente de adquisición Total de préstamos Signatura topográfica completa Código de barras Visto por última vez Precio de reemplazo Tipo de ítem Koha
        Biblioteca del Ateneo de Madrid Biblioteca del Ateneo de Madrid Depósito 2 17/01/2008     F-5255 1144285 23/02/2023 23/02/2023 Libro impreso